| 000 | 00000nam 2200000za 4500 |
| 001 | 9.653210 |
| 003 | CaOODSP |
| 005 | 20241122114154 |
| 007 | ta |
| 008 | 150407s1992||||xxc||||| f|0| 0 fre d |
| 020 | |a0-662-59121-6 |
| 040 | |aCaOODSP|bfre |
| 041 | |aeng |
| 041 | |afre |
| 043 | |an-cn--- |
| 086 | 1 |aCo22-116/1992 |
| 110 | 1 |aCanada. |bCommunications Canada. |
| 245 | 13|aLa gestion du spectre au Canada / |cPublié par Gestion du spectre. |
| 260 | |aOttawa - Ontario : |bCommunications Canada |c1992. |
| 300 | |aTexte français, 6p. ; |c28 cm. |
| 546 | |aBilingue |
| 563 | |aCouverture souple |
| 590 | |a92-46|b1992-11-13 |
| 691 | 07|aRadio|2gcpds |
| 691 | 07|aTélécommunications|2gcpds |
| 776 | 0#|tLa gestion du spectre au Canada.|w(CaOODSP)9.945455 |
| 791 | |tSpectrum management in Canada / |eeng|w(CaOODSP)9.653209 |